Company by Promotion Quiz Stats

 Plays Quiz not verified by Sporcle

Challenge
Share
Tweet
Embed
Score 0/10 Timer 03:00
0 Plays Today
Promotion Company % Correct
5$ FootlongSubway
95%
Monopoly Mcdonalds
66.7%
No Late FeesBlockbuster
50%
Sign up Today for 9.99 and the first months freeNetflix
48.3%
Bags Fly FreeSouthwest
48.3%
Red Tag EventToyota
30%
Free Delivery Dominos
28.3%
Roll up the RimTim Hortons
21.7%
2 for 4 Mama BurgerA & W
13.3%
Free GratySlap Chop
13.3%

You're not logged in!

Compare scores with friends on all Sporcle quizzes.
Join for Free
OR
Log In

You Might Also Like...

Show Comments

Extras

Top Quizzes Today


Score Distribution

Your Account Isn't Verified!

In order to create a playlist on Sporcle, you need to verify the email address you used during registration. Go to your Sporcle Settings to finish the process.

Report this User

Report this user for behavior that violates our Community Guidelines.

Details: